| 000 | 00624nam a2200205 a 4500 | ||
|---|---|---|---|
| 005 | 20240430063805.0 | ||
| 008 | 040810s1974 es r 000 0 spa d | ||
| 020 | _a847530124X | ||
| 035 | _aUPN01000134175 | ||
| 049 | _aCG | ||
| 050 | 4 |
_aPS3515 E3.7 _bA3 |
|
| 100 | 1 |
_aHemingway, Ernest, _d1899-1961 _928391 |
|
| 245 | 1 | 0 |
_aAdiós a las armas / _cErnest Hemingway ; tr. Joana M. Vda. Horta. |
| 260 |
_aBarcelona, Esp. : _bOrbis, _c1974. |
||
| 300 | _a300 p. | ||
| 534 |
_pTraducción de: _tFarewell to arms |
||
| 586 | _a"Premio Nobel 1954" | ||
| 650 | 4 |
_aGUERRA MUNDIAL I, 1914-1918 - _vNOVELA _920061 |
|
| 905 | _aLibro | ||
| 999 |
_c106326 _d106326 |
||